UM Logo

International cuisine/ (Record no. 7106)

MARC details
000 -LEADER
fixed length control field 00582nam a2200169 4500
008 - FIXED-LENGTH DATA ELEMENTS--GENERAL INFORMATION
fixed length control field 170727b xxu||||| |||| 00| 0 eng d
020 ## - INTERNATIONAL STANDARD BOOK NUMBER
International Standard Book Number 971-08-6796-2
082 ## - DEWEY DECIMAL CLASSIFICATION NUMBER
Edition number 2007
Classification number DFil 641.59
Item number C57
100 ## - MAIN ENTRY--PERSONAL NAME
9 (RLIN) 21482
Personal name Serraon-Claudio, Virginia
245 ## - TITLE STATEMENT
Title International cuisine/
Statement of responsibility, etc. Virginia Serraon-Claudio and Adela Jamorabo-Ruiz
260 ## - PUBLICATION, DISTRIBUTION, ETC. (IMPRINT)
Place of publication, distribution, etc. Mandaluyong City:
Name of publisher, distributor, etc. National Book Store,
Date of publication, distribution, etc. c2007.
300 ## - PHYSICAL DESCRIPTION
Extent xiv, 340 pages:
Other physical details illustrations;
Dimensions 25 cm.
500 ## - GENERAL NOTE
General note Includes index.
650 #0 - SUBJECT ADDED ENTRY--TOPICAL TERM
9 (RLIN) 21483
Topical term or geographic name as entry element Cooking, International.
700 ## - ADDED ENTRY--PERSONAL NAME
9 (RLIN) 21484
Personal name Jamorabo-Ruiz, Adela
942 ## - ADDED ENTRY ELEMENTS (KOHA)
Source of classification or shelving scheme Dewey Decimal Classification
Koha item type Filipiniana
Holdings
Withdrawn status Lost status Source of classification or shelving scheme Damaged status Not for loan Collection code Home library Current library Date acquired Source of acquisition Total Checkouts Full call number Barcode Date last seen Copy number Price effective from Koha item type
    Dewey Decimal Classification     Filipiniana UM Digos College - LIC UM Digos College - LIC   Donated   DFil 641.59 C57 2007 24701 05/15/2025 1 07/27/2017 Filipiniana